The impact of extension approaches for enhancing productivity of NR - the Indian experience with special reference to clone RRII 105 (Record no. 70753)

MARC details
000 -LEADER
fixed length control field 00594nam a2200145Ia 4500
100 ## - MAIN ENTRY--AUTHOR NAME
Personal name Rajeevan B
245 #4 - TITLE STATEMENT
Title The impact of extension approaches for enhancing productivity of NR - the Indian experience with special reference to clone RRII 105
260 ## - PUBLICATION, DISTRIBUTION, ETC. (IMPRINT)
Name of publisher IRC 2012. International Rubber Conference, 28-31 October 2012, Kovalam, India, Rubber Research Institute of India, Kottayam and IRRDB, Malaysia: Abstracts. pp.219.
650 ## - SUBJECT ADDED ENTRY--TOPICAL TERM
Topical Term NR productivity
700 ## - ADDED ENTRY--PERSONAL NAME
Personal name Anilkumar D
700 ## - ADDED ENTRY--PERSONAL NAME
Personal name aThomas J
700 ## - ADDED ENTRY--PERSONAL NAME
Personal name Nair R B
942 ## - ADDED ENTRY ELEMENTS (KOHA)
Koha item type Journals
Holdings
Withdrawn status Lost status Damaged status Not for loan Home library Current library Shelving location Date acquired Koha item type
      Journals RRII Library RRII Library Economics 09/05/2013 Journals